000 00325 a2200157 4500
001 175639
020 _a
040 _cMagnum
100 _aColasanti, Marina
240 1 0 _aA nova mulher
_lpor
245 1 0 _aA nova mulher
362 0 _a1899
440 1 _aCĂ­rculo do Livro
697 _aMAGNITO: A/ROMANCE
942 _cBK
999 _c175639
_d175639